000
00302nam a2200133Ia 4500
005
20251222142032.0
008
251222s9999||||xx |||||||||||||| ||spa||
082
_a
838.92/H48L/1955
100
_a
Hesse, Hermann
245
0
_a
El Lobo Estepario
250
_a
2a.ed.
264
_b
Alianza
942
_c
LIB
999
_c
11000
_d
11000